000 00598nam a22002057a 4500
003 OSt
005 20210426114754.0
008 210128s1969 ||||| |||| 00| 0 eng d
040 _aeng
_beng
_cDLC
080 _a92
_bS-91
100 _9710
_aSulzberger, L., C.
245 _aA Long Row of Candles
_b: Memoirs and Diaries 1934-1954
_c/ by: The Macmillan Company
250 _a1st edition
260 _aToronto
_bThe Macmillan Company
_c1969
300 _a1024 p. Index 30 p.
_bill.
365 _b12.50 usd
650 0 _9237
_aBiography
653 _aბიოგრაფია
942 _2udc
_cBK
_e1
999 _c1008
_d1008